Grand Canyon serenade (Record no. 1201)
[ view plain ]
| 000 -LEADER | |
|---|---|
| fixed length control field | 01507nam a2200181 a 4500 |
| 005 - DATE AND TIME OF LATEST TRANSACTION | |
| control field | 20260322212051.0 |
| 008 - FIXED-LENGTH DATA ELEMENTS--GENERAL INFORMATION | |
| fixed length control field | data |
| 020 ## - INTERNATIONAL STANDARD BOOK NUMBER | |
| International Standard Book Number | 9781600779237 |
| 090 ## - LOCALLY ASSIGNED LC-TYPE CALL NUMBER (OCLC); LOCAL CALL NUMBER (RLIN) | |
| Classification number (OCLC) (R) ; Classification number, CALL (RLIN) (NR) | DVD 979.132 G736 |
| 001 - CONTROL NUMBER | |
| control field | data |
| 110 2# - MAIN ENTRY--CORPORATE NAME | |
| Corporate name or jurisdiction name as entry element | KUED-TV (Television station : Salt Lake City, Utah) ; Topics Entertainment (Firm) |
| 245 10 - TITLE STATEMENT | |
| Title | Grand Canyon serenade |
| Statement of responsibility, etc. | KUED-TV (Television station : Salt Lake City, Utah) ; Topics Entertainment (Firm). |
| 260 ## - PUBLICATION, DISTRIBUTION, ETC. | |
| Place of publication, distribution, etc. | Renton, WA : |
| Name of publisher, distributor, etc. | Topics Entertainment, ; |
| Date of publication, distribution, etc. | 2011, 2010. |
| 300 ## - PHYSICAL DESCRIPTION | |
| Extent | 1 videodisc (50 min.) : sd., col. ; |
| Other physical details | 4 3/4 in. |
| 500 ## - GENERAL NOTE | |
| General note | "As aired on Public Television"--Container. |
| 520 3# - SUMMARY, ETC. | |
| Summary, etc. | Float down the Colorado River, soar over cliffs and get lost in the warm colors that make up the southwest Grand Canyon Serenade, a stunning visual portrait of one of Earth's greatest wonders set to the world-music of Tchaikovsky, Vivaldi and Satie, lets you experience some of the most breathtaking adventures on the planet. This mediative film journey showcases the beauty and spiritual nature of one of America's crown jewels. Grand Canyon Serenade, previously viewed on public television, beautifully captures the awe-inspiring views and picturesque landscape that make the region so alluring. Go from the Redwall Cavern to Crystal Rapid and Havasu Creek to Marble Canyon, and beyond! Take a ride through the heart of the southwest's incredible wilderness, immerse yourself in white water adventures, embrace sheer cliff walls and fall in love with the endless desert. |
| 650 #0 - SUBJECT ADDED ENTRY--TOPICAL TERM | |
| Topical term or geographic name entry element | Grand Canyon |
| Withdrawn status | Lost status | Damaged status | Not for loan | Home library | Current library | Shelving location | Date acquired | Total checkouts | Full call number | Barcode | Date last seen | Price effective from | Koha item type |
|---|---|---|---|---|---|---|---|---|---|---|---|---|---|
| Pleasant Valley | Pleasant Valley | General stacks | 22/03/2026 | GEN | BC0011240 | 22/03/2026 | 22/03/2026 | Books |